Random Rock Select Thing - Statistics

General Stats
  • This quiz has been taken 10 times
  • The average score is 21 of 27
Answer Stats
Question Tile Select % Correct
Songs Black Sabbath No
100%
Bands Foo Fighters Yes
100%
Bands Guitar No
100%
Songs Iron Maiden No
100%
Songs Jump Yes
100%
Bands Queen Yes
100%
Songs Sabaton No
100%
Songs System of a Down No
100%
Bands The Industrial Revolution and it's consequences No
100%
Bands The Trooper No
100%
Bands Black Hole Sun No
89%
Bands Dani California No
89%
Bands Poison Yes
89%
Albums Self-Titled Yes
89%
Songs Bounce Yes
78%
Albums Hotel California Yes
78%
Songs Iron Man Yes
78%
Songs Dani California Yes
67%
Bands Prince Yes
67%
Albums Steal This Album! Yes
67%
Songs The Saw is the Law Yes
67%
Albums Hypnotize Yes
56%
Albums Mezmerize Yes
56%
Albums A.D. Yes
44%
Albums Toxicity Yes
44%
Albums Ohio Yes
22%
Albums Dictator Yes
11%
No matching quizzes found
Score Distribution
Percent of People with Each Score
Percentile by Number Answered
Your Score History
You have not taken this quiz